=LDR 00000nam 2200000 4500 =001 INLIS000000000019457 =005 20130612114519 =008 ***********************************Ind** =035 ##$$0010-061300000019457 =041 ##$$a Ind =082 ##$$a 343.092 =090 ##$$a 343.092, Kod k =100 ##$$a Kodoati, Robert J =245 ##$$a Kajian Undang-undang sumber daya air, Robert J. Kodoatie =260 ##$$a 2005 $b Yogyakarta =300 ##$$a xv, 240 hlm, ilus, 21 cm =650 ##$$a Air, Undang-Undang dan Peraturan =850 ##$$a NBPNMAT